000 00313 a2200157 4500
001 192470
020 _a978-85-260-2150-1
040 _cMagnum
100 _aBandeira, Manuel
240 1 0 _aTeadorar
_lpor
245 1 0 _aTeadorar
300 _a55
362 0 _a2015
697 _aLITERATURA GERAL
942 _cBK
999 _c192470
_d192470